000
00279nam a2200109Ia 4500
008
190216s9999||||xx |||||||||||||| ||und||
100
_a
Ramakrishan Sastry
245
2
_a
A Treatise On Physics For Iit-Jee
260
_b
Vikas Publishing House
_c
1998
300
_a
973p
942
_c
REF
999
_c
36386
_d
36386